Statistiques concernant Les présidents du Sénat

Cliquez ici pour prendre le quiz!

Statistiques générales

  • Ce quiz a été pris 107 fois
  • Le résultat moyen est 6 sur 24

Statistiques - réponses

Année de mandatNom% Correct
Depuis 2014Gérard Larcher
88%
2008 - 2011Gérard Larcher
88%
1968 - 1992Alain Poher
72%
1923 - 1924Gaston Doumergue
37%
1927 - 1931Paul Doumer
37%
1958 - 1968Gaston Monnerville
34%
1947 - 1958Gaston Monnerville
34%
1931 - 1932Albert Lebrun
33%
2011 - 2014Jean-Pierre Bel
31%
1899 - 1906Armand Fallières
30%
1896 - 1899Émile Loubet
29%
1893Jules Ferry
28%
1992 - 1998René Monory
19%
1998 - 2008Christian Poncelet
17%
1946 - 1947Auguste Champetier de Ribes
8%
1920 - 1923Léon Bourgeois
8%
1932 - 1940Jules Jeanneney
7%
1924 - 1927Justin de Selves
6%
1906 - 1920Antonin Dubost
5%
1876 - 1879Gaston d'Audiffret-Pasquier
5%
1880 - 1882Léon Say
5%
1879 - 1880Louis Martel
5%
1893 - 1896Paul-Armand Challemel-Lacour
5%
1882 - 1893Philippe Le Royer
5%

Distribution des résultats

Percentile par nombre de réponses

% des personnes avec chaque résultat

Votre développement - résultats

Vous n’avez pas pris ce quiz